000 00292nam a2200109Ia 4500
008 220204s9999 xx 000 0 und d
082 _a681.31
_bMcC
100 _aMcClanahan, David
245 0 _aPower builder 4 : A developer's guide
260 _aNew Delhi
_bBPB Publications;1995
942 _cBK
999 _c41222
_d41222